00791nam a2200241Ia 450000500170000000800410001702000180005810000340007624500570011025000330016730000250020065000440022565000480026965000320031794200150034926400350036433600270039933700330042633800280045904000350048708400120052299900150053420220317000052.0141031s2010 ag g 000 0 s  a97895051500451 aSánchez, Luis Rafaeld1936-13aLa guaracha del macho CamachocLuis Rafael Sánchez aVigésima segunda edición a233 páginasc19 cm142LEMBaNovela puertorriqueñaySiglo XX142LEMBaLiteratura puertorriqueñaySiglo XX142LEMBaVida en la literatura 2loccBKLIT aBuenos AiresbDe la Florc2010 atextobtxt2rdacontent asin mediaciónbn2rdamedia avolumenbnc2rdacarrier aCO-BoRNBPbspaerdacCO-BoRNBP aN SAN32 c3037d3037